| 000 | 00647nam a2200229Ia 4500 | ||
|---|---|---|---|
| 003 | OSt | ||
| 005 | 20220928131057.0 | ||
| 006 | a|||||r|||| 00| 0 | ||
| 007 | ta | ||
| 008 | 220927b |||||||| |||| 00| 0 eng d | ||
| 024 | _a74442 | ||
| 037 | _cTextual | ||
| 040 |
_aSDCL _cSDCL _beng |
||
| 041 |
_2eng _aeng |
||
| 082 | _aV2:19'N7, M2.1-.2 | ||
| 100 | _aAppadorai A | ||
| 245 | 0 | _aSelect documents on India's foreign policy and relations,1947-1972. 2V | |
| 260 |
_aOxford _bOUP _c1982 |
||
| 300 |
_axxiii,751p(V1),1i,784p(V2) _ccm. |
||
| 942 |
_hV2:19'N7, M2.1-.2 _cTEXL _2CC |
||
| 999 |
_c789473 _d789473 |
||